000 04857cam a2200433 4500500
005 20251228045553.0
041 _afre
042 _adc
100 1 0 _aVignier, Nicolas
_eauthor
700 1 0 _aSpira, Rosemary Dray
_eauthor
700 1 0 _aLert, France
_eauthor
700 1 0 _aPannetier, Julie
_eauthor
700 1 0 _aRavalihasy, Andrainolo
_eauthor
700 1 0 _aGosselin, Anne
_eauthor
700 1 0 _aLydié, Nathalie
_eauthor
700 1 0 _aBouchaud, Olivier
_eauthor
700 1 0 _aDesgrées du Loû, Annabel
_eauthor
245 0 0 _aAccès aux soins des personnes originaires d’Afrique subsaharienne vivant avec une hépatite B chronique
260 _c2017.
500 _a47
520 _aObjectif : L’objectif de cette étude est d’analyser l’accès aux soins des personnes originaires d’Afrique subsaharienne (ASS) vivant avec une hépatite B chronique (HBC) en France. Méthodes : L’enquête ANRS-Parcours est une étude biographique réalisée en 2012-2013 auprès de personnes originaires d’ASS recrutées dans des services de prise en charge de l’HBC en Ile-de-France. Les données ont été recueillies en face-à-face à l’aide d’une grille biographique et d’un questionnaire standardisé. Résultats : Parmi les 619 participants, 96,4 % ont une couverture maladie de base dont 18,6 % la Couverture maladie universelle (CMU) et 23,4 % l’Aide médicale d’état (AME). Un tiers des bénéficiaires de l’Assurance maladie n’ont pas de complémentaire santé et 75,7 % sont couverts au titre d’une Affection longue durée. L’obtention d’une couverture maladie après l’arrivée en France a lieu en médiane la première année. Parmi les participants, 22,0 % rapportent avoir renoncé aux soins pour raisons financières depuis l’arrivée en France et 9,7 % avoir vécu un refus de soins le plus souvent par refus de la CMU ou l’AME. Une fois diagnostiqué, l’entrée en soins a lieu en médiane l’année-même du diagnostic. Le retard à l’entrée en soins est plus fréquent chez les personnes sans couverture maladie l’année du diagnostic. Les ruptures de suivi de plus de 12 mois sont rares. Conclusion : Les personnes originaires d’ASS vivant avec une HBC accèdent rapidement à une couverture maladie et aux soins. Cependant, des obstacles à l’accès aux soins persistent pour certaines du fait notamment de l’absence ou de l’incomplétude d’une couverture maladie et des refus de soins aux bénéficiaires de l’AME ou de la CMU.
520 _aHealth care access of Sub-Saharan African migrants living with chronic hepatitis B Objective: The objective of this study was to analyse health care access of Sub-Saharan African migrants living with chronic hepatitis B (CHB) in France. Methods: The ANRS-Parcours survey was a life-event survey conducted in 2012-2013 among Sub-Saharan African migrants recruited by health care facilities managing CHB in the Paris region. Data were collected by face-to-face interview using a biographical grid and a standardized questionnaire. Results: 96.4% of the 619 participants basic health insurance coverage with CMU universal health insurance coverage in 18.6% of cases and AME state medical assistance in 23.4% of cases. One-third of basic health insurance beneficiaries did not have any complementary health insurance and 75.7% had long-term disease status. The median time to acquisition of health insurance cover after arrival in France was one year. 22.0% of participants reported delaying health care for financial reasons since their arrival in France and 9.7% reported being refused health care usually due to refusal of CMU or AME. Health care access was effective within one year of the diagnosis. Delayed health care access was more common among people without health insurance coverage in the year of diagnosis. Patients lost to follow-up for more than 12 months were rare. Conclusion: Sub-Saharan African migrants living with chronic hepatitis B rapidly access health insurance coverage and health care. However, barriers to health care access persist for some people, essentially due to absent or incomplete health insurance cover and refusal of care for AME or CMU beneficiaries.
690 _aaccès aux soins
690 _aAfrique subsaharienne
690 _acouverture maladie
690 _aémigrants et immigrants
690 _aFrance
690 _ahépatite B
690 _aaccess
690 _aand evaluation
690 _aFrance
690 _aHealth Care Quality
690 _ahealth insurance coverage
690 _ahepatitis B
690 _amigrants
690 _aSub-saharan Africa
786 0 _nSanté Publique | 29 | 3 | 2017-07-10 | p. 361-370 | 0995-3914
856 4 1 _uhttps://stm.cairn.info/revue-sante-publique-2017-3-page-361?lang=fr&redirect-ssocas=7080
999 _c1578881
_d1578881